| 000 | 00438nam a2200145Ia 4500 | ||
|---|---|---|---|
| 008 | 220214s9999 xx 000 0 und d | ||
| 022 | _a0167-4366 | ||
| 245 | 0 | _aAGROFORESTRY SYSTEMS | |
| 260 | _bKluwer Academic Publishers, Dordrecht, The Netherlands | ||
| 310 | _aBM | ||
| 500 | _aEnding Volume & Year: 51, 2001 | ||
| 500 | _aMissing Volume: 5(1);13-44 publication stopped | ||
| 500 | _aStarting Volume & Year: 2, 1984 | ||
| 942 | _cBJ | ||
| 999 |
_c18761 _d18761 |
||